Latest Maastrichtian foraminiferal assemblages from the Husów region (Skole Nappe, Outer Carpathians, Poland)

Bibliographic Details
Main Authors: Gasiński, M. Adam (Author), Uchman, Alfred (Author)
Format: Article
Language:Slovak
English
PhysicalDescription:Obr.
ISSN:1335-0552
Subjects:

MARC

LEADER 00000nab a2200000 a 4500
001 vtls010259193
003 SK-MaSNL
005 20260304155238.0
008 25050709c2009 xo o |||||||||||||||slon
015 |a SNBRB2009/07 
035 |a SVKKK000097267 
035 |a urn:nbn:sk:snk-ab78gm 
035 |a (uuid)ad295075-e004-441e-9e09-b469919c1693 
035 |a (urnnbn)urn:nbn:sk:snk:ar-a076v7 
035 |a (sysno)vtls010259193 
038 |a SVKKK 
040 |a SNKBUCL  |b slo  |c SNKBUCL  |e AACR2 
041 0 |a eng  |b eng 
044 |a xo  |c SK 
080 |a 563.1(234.372.3)  |2 1997 
100 1 |a Gasiński, M. Adam  |4 aut  |9 458343 
245 1 0 |a Latest Maastrichtian foraminiferal assemblages from the Husów region (Skole Nappe, Outer Carpathians, Poland)  |c M. Adam Gasiński, Alfred Uchman 
300 |b Obr. 
504 |a Bibliogr. odkazy 
546 |a Res. angl. 
650 0 7 |a foraminifery  |y krieda  |z Vonkajšie Západné Karpaty (Poľsko)  |2 snkbucl  |9 1480815 
700 1 |a Uchman, Alfred  |4 aut  |9 817324 
773 0 |t Geologica carpathica  |g Roč. 60, č. 4 (2009), s. 283-294  |x 1335-0552 
850 |a Slovenská národná knižnica 
852 |a Slovenská národná knižnica 
958 |a article27 
958 |a NB 
958 |a PL 
958 |a OND 
958 |a EUIPO 
999 |c 2961302  |d 2963232